Largest European Metros (A-Z) Quiz Stats

Quiz Updated Nov 9, 2016

Challenge
Share
Tweet
Embed
Score 0/23 Timer 05:00
0 Plays Today
Letter Metro Area % Correct
LLondon, UK
97.9%
PParis, France
96.3%
MMoscow, Russia
86.2%
RRome, Italy
86.1%
BBarcelona, Spain
76.9%
AAthens, Greece
73.5%
WWarsaw, Poland
73%
IIstanbul, Turkey
67.8%
VVienna, Austria
66.7%
KKyiv, Ukraine
61.7%
SSt. Petersburg, Russia
57.3%
ZZurich, Switzerland
52.6%
Letter Metro Area % Correct
FFrankfurt, Germany
50.1%
HHamburg, Germany
48.8%
NNaples, Italy
42.6%
GGlasgow, UK
31.9%
TTurin, Italy
31.8%
CCologne, Germany
30.1%
EEssen, Germany
25.1%
OOdessa, Ukraine
18.5%
DDonetsk, Ukraine
8.6%
UUfa, Russia
6.2%
YYaroslavl, Russia
3.7%

You're not logged in!

Compare scores with friends on all Sporcle quizzes.
Join for Free
OR
Log In

You Might Also Like...

Show Comments

Extras

Top Quizzes Today


Score Distribution

Your Account Isn't Verified!

In order to create a playlist on Sporcle, you need to verify the email address you used during registration. Go to your Sporcle Settings to finish the process.

Report this User

Report this user for behavior that violates our Community Guidelines.

Details: